Japanese Periods - Statistics

General Stats
  • This quiz has been taken 163 times
  • The average score is 9 of 16
Answer Stats
Hint Answer % Correct
1603 CE - 1868 CE Edo
89%
1868 CE - 1912 CE Meiji
82%
794 CE - 1185 CE Heian
69%
1926 CE - 1989 CE Showa
69%
14,000 BCE - 300 BCE Jomon
64%
1989 CE - Now Heisei
62%
710 CE - 794 CE Nara
62%
300 CE - 250 CE Yayoi
62%
1185 CE - 1336 CE Kamakura
61%
1912 CE - 1926 CE Taisho
58%
1336 CE - 1573 CE Muromachi
51%
1467 CE - 1590 CE Sengoku
50%
538 CE - 710 CE Asuka
47%
250 CE - 538 CE Kofun
45%
1568 CE - 1603 CE Azuchi-Momoyama
41%
1336 CE - 1392 CE Nanbokucho
11%
No matching quizzes found
Score Distribution
Percent of People with Each Score
Percentile by Number Answered
Your Score History
You have not taken this quiz